000 00306nam a22001337a 4500
008 170308b xxu||||| |||| 00| 0 eng d
020 _a9780471394648
041 _aeng
080 _a611
100 _a6
101 _aSHM
245 _aLABARATORY MANUAL FOR ANATOMY AND PHYSIOLOGY
_cALL.C
942 _2udc
_cBK
999 _c7198
_d7198